| 000 | 00378 a2200169 4500 | ||
|---|---|---|---|
| 001 | 191250 | ||
| 020 | _a85-262-4977-0 | ||
| 040 | _cMagnum | ||
| 100 | _aTucci, William | ||
| 240 | 1 | 0 |
_aA rebelião da pontuação _lpor |
| 245 | 1 | 0 | _aA rebelião da pontuação |
| 300 | _a39 | ||
| 362 | 0 | _a2006 | |
| 440 | 1 | _aScipione | |
| 697 | _aLITERATURA INFANTO-JUVENIL | ||
| 942 | _cBK | ||
| 999 |
_c191250 _d191250 |
||